<?xml version="1.0" encoding="UTF-8"?><?xml-stylesheet type="text/xsl" href="static/style.xsl"?><OAI-PMH xmlns="http://www.openarchives.org/OAI/2.0/" xmlns:xsi="http://www.w3.org/2001/XMLSchema-instance" xsi:schemaLocation="http://www.openarchives.org/OAI/2.0/ http://www.openarchives.org/OAI/2.0/OAI-PMH.xsd"><responseDate>2026-04-14T05:07:44Z</responseDate><request verb="GetRecord" identifier="oai:www.recercat.cat:2117/378159" metadataPrefix="marc">https://recercat.cat/oai/request</request><GetRecord><record><header><identifier>oai:recercat.cat:2117/378159</identifier><datestamp>2025-07-22T19:56:28Z</datestamp><setSpec>com_2072_1033</setSpec><setSpec>col_2072_452951</setSpec></header><metadata><record xmlns="http://www.loc.gov/MARC21/slim" xmlns:dcterms="http://purl.org/dc/terms/" xmlns:xsi="http://www.w3.org/2001/XMLSchema-instance" xmlns:doc="http://www.lyncode.com/xoai" xsi:schemaLocation="http://www.loc.gov/MARC21/slim http://www.loc.gov/standards/marcxml/schema/MARC21slim.xsd">
   <leader>00925njm 22002777a 4500</leader>
   <datafield ind2=" " ind1=" " tag="042">
      <subfield code="a">dc</subfield>
   </datafield>
   <datafield ind2=" " ind1=" " tag="720">
      <subfield code="a">Roca Ribas, Maria</subfield>
      <subfield code="e">author</subfield>
   </datafield>
   <datafield ind2=" " ind1=" " tag="260">
      <subfield code="c">2022-10</subfield>
   </datafield>
   <datafield ind2=" " ind1=" " tag="520">
      <subfield code="a">Los abordajes son accidentes marítimos que se producen más frecuentemente de lo que cabría esperar. Por tanto, es crucial analizar las causas de estos accidentes para saber cómo prevenirlos. Este proyecto se centra en el análisis de los casos de abordaje producidos en la década 2011-2020, década en la que los sistemas electrónicos de ayuda a la navegación, tales como el ecdis y el ais, han adquirido gran relevancia. Inicialmente, se recopilaron 255 informes de casos de abordaje y se analizaron para obtener información sobre: la tipología habitual de buques involucrados, los daños causados como consecuencia de los abordajes, el impacto de las condiciones meteorológicas en el momento del accidente y las zonas habituales donde se producen. Tras analizar todos estos casos, se examinaron detalladamente cuatro de ellos: el abordaje entre el ferry de gran velocidad milenium dos y el bulk carrier new glory (2012); el abordaje entre el buque quimiquero midvolga 2 y el buque de pesca el fairell (2017); el abordaje entre la embarcación de recreo be good i y la embarcación de pesca isleta cuarta (2014); y el abordaje entre el buque quimiquero kraslava y el buque frigorífico atlantic lady (2014). A partir de este análisis, se conocieron los principales factores desencadenantes de los abordajes, y se observó que la principal causa de este tipo de accidentes es el error humano. Por tanto, las medidas a tomar para prevenir futuros abordajes deben estar relacionadas con la formación de los oficiales y con un mayor control del tráfico marítimo.</subfield>
   </datafield>
   <datafield tag="653" ind2=" " ind1=" ">
      <subfield code="a">Àrees temàtiques de la UPC::Nàutica::Seguretat marítima::Accidents marítims</subfield>
   </datafield>
   <datafield tag="653" ind2=" " ind1=" ">
      <subfield code="a">Collisions at sea</subfield>
   </datafield>
   <datafield tag="653" ind2=" " ind1=" ">
      <subfield code="a">Salvage</subfield>
   </datafield>
   <datafield tag="653" ind2=" " ind1=" ">
      <subfield code="a">Ships -- Safety regulations</subfield>
   </datafield>
   <datafield tag="653" ind2=" " ind1=" ">
      <subfield code="a">Merchant marine -- Safety measures</subfield>
   </datafield>
   <datafield tag="653" ind2=" " ind1=" ">
      <subfield code="a">Abordaje</subfield>
   </datafield>
   <datafield tag="653" ind2=" " ind1=" ">
      <subfield code="a">Ripa</subfield>
   </datafield>
   <datafield tag="653" ind2=" " ind1=" ">
      <subfield code="a">Informe de accidente marítimo</subfield>
   </datafield>
   <datafield tag="653" ind2=" " ind1=" ">
      <subfield code="a">Accidente marítimo</subfield>
   </datafield>
   <datafield tag="653" ind2=" " ind1=" ">
      <subfield code="a">Error humano.</subfield>
   </datafield>
   <datafield tag="653" ind2=" " ind1=" ">
      <subfield code="a">Abordatge</subfield>
   </datafield>
   <datafield tag="653" ind2=" " ind1=" ">
      <subfield code="a">Salvament (Dret marítim)</subfield>
   </datafield>
   <datafield tag="653" ind2=" " ind1=" ">
      <subfield code="a">Vaixells -- Accidents</subfield>
   </datafield>
   <datafield tag="653" ind2=" " ind1=" ">
      <subfield code="a">Vaixells -- Reglaments de seguretat</subfield>
   </datafield>
   <datafield tag="653" ind2=" " ind1=" ">
      <subfield code="a">Marina mercant -- Mesures de seguretat</subfield>
   </datafield>
   <datafield ind2="0" ind1="0" tag="245">
      <subfield code="a">Análisis de casos de abordaje en la década 2011-2020: incumplimientos del reglamento de abordajes y principales factores desencadenantes de los accidentes</subfield>
   </datafield>
</record></metadata></record></GetRecord></OAI-PMH>